Linking social and ecological systems : management practices and social mechanisms for building resilience

Na minha lista:
Detalhes bibliográficos
Outros Autores: Berkes, Fikret (editor), Folke, Carl (editor), Colding, Johan (editor)
Formato: Livro
Publicado em: Cambridge : Cambridge University Press, c2000
Assuntos:
Tags: Adicionar Tag
Sem tags, seja o primeiro a adicionar uma tag!

MARC

LEADER 00000nam a2200000 4500
020 |a 0521591406  |c TZS 163,040/= 
040 |a MUL  |b eng.  |e AACR 
082 |a 304.2 LIN 
245 |a Linking social and ecological systems :  |b management practices and social mechanisms for building resilience  |c / edited by Fikret Berkes, Carl Folke and Johan Colding 
260 |a Cambridge :  |b Cambridge University Press,  |c c2000 
300 |a xv, 459 p. :  |b ill. ;  |c 25 cm  
504 |a Includes references and index 
546 |a eng 
650 |a Social science 
650 |a Ecology 
700 |a Berkes, Fikret   |b (editor) 
700 |a Folke, Carl   |b (editor) 
700 |a Colding, Johan   |b (editor) 
942 |c BK 
999 |c 10531  |d 10531